Catálogo
 En Linea

El código de peñaló : (Registro nro. 43670)

Detalles MARC
000 -CABECERA
campo de control de longitud fija 00503nam a2200157 a 4500
001 - NÚMERO DE CONTROL
campo de control 000044181
005 - FECHA Y HORA DE LA ÚLTIMA TRANSACCIÓN
campo de control 20201002045211.0
008 - DATOS DE LONGITUD FIJA--INFORMACIÓN GENERAL
campo de control de longitud fija 140605s2010 dr 000 0 spa d
020 ## - NÚMERO INTERNACIONAL ESTÁNDAR DEL LIBRO
Número Internacional Estándar del Libro 9789945131291
040 ## - FUENTE DE LA CATALOGACIÓN
Centro catalogador/agencia de origen DO-SdBNP
Lengua de catalogación spa
Centro/agencia transcriptor BNPHU
082 ## - NÚMERO DE LA CLASIFICACIÓN DECIMAL DEWEY
Número de clasificación xxxxxx
Número de documento/Ítem xxxxxx
100 1# - ENTRADA PRINCIPAL--NOMBRE DE PERSONA
Nombre de persona Peñaló S., Paulino A.
9 (RLIN) 72185
245 13 - MENCIÓN DE TÍTULO
Título El código de peñaló :
Resto del título principios de superación y seguridad personal /
Mención de responsabilidad, etc. Paulino A. Peñaló S.
260 ## - PUBLICACIÓN, DISTRIBUCIÓN, ETC.
Lugar de publicación, distribución, etc. Santo Domingo :
Nombre del editor, distribuidor, etc. Mediabyte,
Fecha de publicación, distribución, etc. 2010.
300 ## - DESCRIPCIÓN FÍSICA
Extensión 167 p. ;
Dimensiones 22 cm.
Existencias
Estado de retiro Estado de pérdida No para préstamo Código de colección Localización permanente Ubicación/localización actual Ubicación en estantería Fecha de adquisición Número de inventario Total de préstamos Signatura topográfica completa Código de barras Fecha visto por última vez Precio válido a partir de Tipo de ítem Koha
    Excluido de préstamo Patrimonio Dominicano Patrimonio Dominicano Patrimonio Dominicano Depósito 05.06.2014 LF1   xxxxxx xxxxxx 44181-10 25.06.2020 25.06.2020 Libro y Folleto Colección Patrimonio Dominicano

Con tecnología Koha